Statistics for Answers Contain the Number Five

Click here to take the quiz!

General Stats

  • This quiz has been taken 26,130 times
    (18,627 since last reset)
  • The average score is 11 of 20

Answer Stats

ClueAnswer% Correct
"Rule" for eating food off the floorFive Second
88%
Fist bump alternativeHigh Five
81%
Early evening stubbleFive O'Clock Shadow
80%
Michael, Tito, etc ...Jackson 5
79%
They start with denial and
end at acceptance
Five Stages of Grief
69%
American burger chainFive Guys
67%
Shoplifter's "discount"Five Finger
66%
High-ranking WWII generalFive Star
64%
Queens, Brooklyn, etc...Five Boroughs
64%
Long golf holePar Five
58%
The British security serviceMI5
58%
Book 'em, DannoHawaii Five-O
55%
Five times the speed of soundMach Five
45%
Kurt Vonnegut novelSlaughterhouse-Five
41%
Really big fireFive Alarm
41%
Michigan basketball team, 1992Fab Five
28%
Bonanno, Colombo, Gambino,
Genovese, and Lucchese
Five Families
28%
Between a goalie's legs in hockeyFive Hole
27%
Stalinist economic programFive Year Plan
22%
Paul Desmond jazz standard
in 5/4 time
Take Five
14%

Score Distribution

Percentile by Number Answered

Percent of People with Each Score

Your Score History

You have not taken this quiz since the last reset